00369nam a2200145Ia 4500008004100000041000800041082001600049100002500065245003400090260004100124300001000165563000700175650002000182650002100202210707s1983 xx 000 0 und d ahin aH891.9 VAJH aVAJPEY (Nandudulare) aHindi sahity: bisvi shatabdi. aIlahabadbLokbharati Prakashanc1983 a340 p aHB aHindi Criticism aHindi Literature